| 000 -LEADER |
| fixed length control field |
00843nam a22001577a 4500 |
| 003 - CONTROL NUMBER IDENTIFIER |
| control field |
OSt |
| 005 - DATE AND TIME OF LATEST TRANSACTION |
| control field |
20151007155747.0 |
| 008 - FIXED-LENGTH DATA ELEMENTS--GENERAL INFORMATION |
| fixed length control field |
151007b xxu||||| |||| 00| 0 eng d |
| 040 ## - CATALOGING SOURCE |
| Transcribing agency |
RUA |
| 082 ## - DEWEY DECIMAL CLASSIFICATION NUMBER |
| Classification number |
AVM MEA 1997 B070 Or.1 |
| 100 ## - MAIN ENTRY--PERSONAL NAME |
| 9 (RLIN) |
2301 |
| Personal name |
MEAS, SOTHUNVATHANAK. |
| 245 ## - TITLE STATEMENT |
| Title |
The impact of vaccination program against new castle and fowl cholera in village chicken to reduce mortality in kampong chhnang province, ផលប៉ះពាល់នៃការចាក់វ៉ាក់សាំងការពារជំងឺញៀវកើសនិងអាសន្នរោគ ក្នុងការកាត់បន្ថយអត្រាស្លាប់មាន់ នៅក្នុងខេត្តកំពង់ឆ្នាំង. |
| 260 ## - PUBLICATION, DISTRIBUTION, ETC. (IMPRINT) |
| Place of publication, distribution, etc. |
phnom phen |
| Name of publisher, distributor, etc. |
RUA |
| Date of publication, distribution, etc. |
1997 |
| 300 ## - PHYSICAL DESCRIPTION |
| Extent |
65p. |
| Other physical details |
ill. |
| Dimensions |
29cm. |
| 942 ## - ADDED ENTRY ELEMENTS (KOHA) |
| Source of classification or shelving scheme |
|
| Koha item type |
AVM |